000 00417nam a2200169Ia 4500
008 210716s2005 xx 000 0 und d
020 _a8178817659
041 _aeng
082 _a658.812 KRIS
100 _aKrishna, S Jaya.
245 _aPartner relationship management.
250 _a1
260 _aHyderabad
_bICFAI University Press
_c2005
300 _ax,197
650 _aCRM
700 _aKrishna, S Jaya.
999 _c201554
_d201554